000 00633nam a22001817a 4500
003 OSt
005 20260409095826.0
008 260409b |||||||| |||| 00| 0 eng d
020 _a9781836084778
040 _cn
082 _a624.151 S115 2025
100 _aSadique, Monower
245 _aICE Core Concepts: Low Carbon Cements and Concrete for Construction /
_cMonower Sadique.
260 _bUnited Kingdom. Emerald Publishing Limited. 2025
300 _a152 pages : illustrations ; 24 cm.
650 _aConstruction materials – Cement – Concrete – Low carbon technologies – Sustainable building
942 _2ddc
_cBK-EN
_n0
999 _c8806
_d8806